000
00311 a2200145 4500
001
178877
020
_a
040
_c
Magnum
100
_a
Cibiac, Branda
240
1
0
_a
Um encontro colorido
_l
por
245
1
0
_a
Um encontro colorido
362
0
_a
1899
697
_a
MAGNITO: IJ/FADAS, FANTASIA
942
_c
BK
999
_c
178877
_d
178877